UBT Library

EVOLUTION OF THE GENETIC CODE (Record no. 60173)

000 -LEADER
fixed length control field 00333nam a22001457a 4500
008 - FIXED-LENGTH DATA ELEMENTS--GENERAL INFORMATION
fixed length control field 230719b ||||| |||| 00| 0 eng d
020 ## - INTERNATIONAL STANDARD BOOK NUMBER
International Standard Book Number 9780198547811
041 ## - LANGUAGE CODE
Language code of text/sound track or separate title eng
080 ## - UNIVERSAL DECIMAL CLASSIFICATION NUMBER
Universal Decimal Classification number 616.073
082 ## - DEWEY DECIMAL CLASSIFICATION NUMBER
Classification number 616.073OSA
100 ## - Rafti
Rafti 12
101 ## - Shkurtesa
Shkurtesa GJENETIK
245 ## - TITLE STATEMENT
Title EVOLUTION OF THE GENETIC CODE
Statement of responsibility, etc OSAWA .S
942 ## - ADDED ENTRY ELEMENTS (KOHA)
Source of classification or shelving scheme
Item type Books
Holdings
Withdrawn status Lost status Source of classification or shelving scheme Damaged status Not for loan Collection code Permanent location Current location Date acquired Total Checkouts Full call number Barcode Date last seen Price effective from Koha item type
          Koleksioni i përgjithshem UBT - Lipjan UBT - Lipjan 07/19/2023   616.073OSA 002-800080881 07/19/2023 07/19/2023 Books
UBT Library © 2015-2024. All rights reserved University Education for Business and Technology